00902 a2200181 45000010006000000050017000060080041000230030015000640400040000790800022001192450034001410200022001752640033001973000024002305050316002541000027005708560123005972462820260407155529.0260407a2012 arg spa dAR-UNSa-BCEJYS aAR-UNSa-BCEJYSbspacAR-UNSa-BCEJYS a657xContabilidad10aContabilidad versus impuestos a978-987-03-2254-2 1aBuenos Aires :bLa Leyc2012 axxx, 425 p.c24 cm. a1. Algunos conceptos contables básicos - 2. Armonización entre las normas contables e impositivas - 3. Consideración de los efectos de la inflación - 4. Normas de referencia - 5. Reconocimiento y medición en general - 6. Reconocimiento y medición en particular - 7. Comentarios finales y sugerencias1 aFowler Newton, Enrique41uhttps://biblioeco.unsa.edu.ar/pmb/images/libros/Contabilidad versus Impuestos(2012).jpgyImagen de portadaqimage/jpeg